000 005700000a22001810004500
003 MACL
005 20160218110749.0
008 160218b xxu||||| |||| 00| 0 eng d
040 _aMACL
_cMACL
041 _aHindi
082 _a355
100 _aयादव आर. एस
_938767
245 _aसैन्‍य विज्ञान के सामान्‍य सिद्धान्‍त
260 _bविनोद पुस्‍तक मन्दिर
_c1960
_aआगरा
350 _a4
650 _aMilitery
_938768
942 _cHIN
_k355
_2ddc
999 _c25693
_d25693